| 000 | 00489cam a22001337a 4500 | ||
|---|---|---|---|
| 008 | 180718b1970 xxu||||| |||| 00| 0 eng d | ||
| 082 | _aL291x5412 In2 | ||
| 245 |
_aTaxes on entry of goods into Calcutta metropolitan area act,1970 _cBy Ministry Of Law |
||
| 260 |
_aAlipore _bGovernment Press _c1970 |
||
| 300 | _a24p | ||
| 650 | _aTariff -- Law and legislation -- India -- Calcutta | ||
| 650 | _aTariff -- Law and legislation -- India -- West Bengal | ||
| 700 | _aWest Bengal.Ministry Of Law | ||
| 999 |
_c413724 _d413724 |
||